000 00749nam a22002175i 4500
001 169046
003 ES-MaACL
005 20251217063022.0
008 080804s2007 sp |||| | spa d
020 _a978-84-7960-382-8
080 _a784.67
100 1 _aCalderón, Fina de,
_d1927-2010
_933598
245 1 0 _aCanciones infantiles [
_hmúsica impresa] /
_cFina de Calderón ; ilustraciones de Alain Durand.
260 _aMadrid :
_bEdiciones de la Torre,
_c[2007]
300 _a1 partitura (127 p.) :
_bil. ;
_c28 cm.
500 _aLetra de las canciones en español y francés.
650 1 4 _aCanciones infantiles.
_9138660
700 1 _aDurand, Alain.
_946245
852 4 _aES-MaACL
_jL-29598
_9R.142824
999 _c169046
_d169046